000
002640000a22000970004500
100
1
_a
Brenner, Athalya
245
1
0
_a
A note on bat-rabbîm (Song of Songs 7:5)
300
_a
Vol. 42, Num. 1 (Enero, 1992), Páginas 113-115
773
0
_t
Vetus Testamentum
942
_c
ANA
999
_c
57717
_d
57717